000 01170cam a22002054a 4500
005 20250605163921.0
008 250528s ||||||||||||||||||||||||d
035 _a14387
020 _a333184548
040 _aGR-AtMCL
_bgre
_dGR-AtMCL
_eAACR2
245 1 _aMacmillan Studies in Economics / Relative Income Shares
260 _bMacmillan Press Ltd,
_c1976
300 _a88
520 _aAn introductory examination to current theories and empirical evidence concerning the distribution of national income between labor and property. Acknowledgements, Introduction, A Survey of the Evidence, Cyclical Movement in Relative Shares, Relative Shares in the Long Run, The Recent ''Profits squeeze'', Conclusion, Marginal Productivity Theory, Early Approaches, Modern Developments, Aggregation, Marginal Productivity: The Econometrics, The Cobb-Douglas Production Function, Empirical Estimates of the Cobb-Douglas Function, The C.E.S. Production Function, ''Monopoly'' and Relative Shares, Neo-Keynesian Theories, Unions and Relative Shares, Conclusion.
700 1 _aKing John
_929
700 1 _aRegan Philip
_930
942 _cBK
999 _c21
_d21